000 00474nam a2200169Ia 4500
005 20250326125615.0
008 250326s9999 xx 000 0 und d
037 _aTextbook
040 _aFMSL
_beng
_cFMSL
041 _aeng
_2eng
084 _aX9B.42 L0
_qFMSL
245 0 _aSome developments in Japanese small business
260 _aNY
_bNY, Asian Productivity Organization
_c1970
300 _a54p
942 _cTB
_hX9B.42 L0
999 _c1278783
_d1278783